Bundesliga Teams 2025/2026 - Statistiken

Allgemein
  • Dieses Quiz wurde 545 mal gespielt
  • Das Durchschnittsergebnis liegt bei 17 aus 18
Antwortstatistiken
Verein % Korrekt
Borussia Dortmund
100%
FC Bayern München
100%
1. FC Köln
98%
Hamburger SV
98%
RB Leipzig
97%
Bayer Leverkusen
96%
Eintracht Frankfurt
96%
1. FC Heidenheim
94%
SC Freiburg
94%
VfB Stuttgart
94%
Werder Bremen
93%
FC Augsburg
91%
TSG 1899 Hoffenheim
91%
Union Berlin
91%
1. FSV Mainz 05
90%
Borussia Mönchengladbach
90%
VfL Wolfsburg
90%
FC St. Pauli
87%
Keine übereinstimmenden Quizze gefunden
Verteilung der Resultate
Anzahl Personen mit jedem Resultat
Perzentil nach korrekt beantworteten Fragen
Ihre Resultats-Entwicklung
Sie haben dieses Quiz noch nicht gespielt